000 00548nam a2200145Ia 4500
008 090122s9999 xx 000 0 und d
082 _b8518
_a891.463
100 _aअष्टीकर
_bमंदाकिनी
245 _aबहरला वृक्ष-शुंगारली वेल
600 _aअष्टीकर
630 _aबहरला वृक्ष-शुंगारली वेल
700 _aअष्टीकर
730 _aबहरला वृक्ष-शुंगारली वेल
942 _cBOOK
999 _c32595
_d32595